| 000 | 01451nam a22003494a 4500 | ||
|---|---|---|---|
| 001 | ebr10064499 | ||
| 003 | CaPaEBR | ||
| 006 | m u | ||
| 007 | cr cn||||||||| | ||
| 008 | 011010s2002 enk sb 001 0 eng | ||
| 010 | _z 2001054526 | ||
| 020 | _z9781846423208 | ||
| 020 | _z1853029831 (pbk. : alk. paper) | ||
| 040 |
_aCaPaEBR _cCaPaEBR |
||
| 035 | _a(OCoLC)60779319 | ||
| 050 | 1 | 4 |
_aRC451.4.S7 _bS78 2002eb |
| 082 | 0 | 4 |
_a378.1/9713 _221 |
| 245 | 0 | 0 |
_aStudents' mental health needs _h[electronic resource] : _bproblems and responses / _cedited by Nicky Stanley and Jill Manthorpe ; foreword by Barbara Waters. |
| 260 |
_aLondon ; _aPhiladelphia : _bJessica Kingsley Pub., _c2002. |
||
| 300 | _a272 p. | ||
| 504 | _aIncludes bibliographical references and indexes. | ||
| 533 |
_aElectronic reproduction. _bPalo Alto, Calif. : _cebrary, _d2013. _nAvailable via World Wide Web. _nAccess may be limited to ebrary affiliated libraries. |
||
| 650 | 0 |
_aCollege students _xMental health services. |
|
| 650 | 0 |
_aCollege students _xMental health. |
|
| 650 | 0 | _aCrisis intervention (Mental health services) | |
| 650 | 0 |
_aStudents _xMental health services. |
|
| 655 | 7 |
_aElectronic books. _2local |
|
| 700 | 1 |
_aManthorpe, Jill, _d1955- |
|
| 700 | 1 |
_aStanley, Nicky, _d1955- |
|
| 710 | 2 | _aebrary, Inc. | |
| 856 | 4 | 0 |
_uhttp://site.ebrary.com/lib/rucke/Doc?id=10064499 _zAn electronic book accessible through the World Wide Web; click to view |
| 999 |
_c48157 _d48157 |
||